000 00885cam a2200277 a 4500
001 BD-DhSAU 1319
003 BD-DhSAU
005 20150114124849.0
008 961031s1997 enka b 001 0deng
020 _a0851991327 (pbk)
040 _aBD-DhSAU
082 0 0 _a595.705
_222
_bMET
100 _aDent, D. R.
245 0 0 _aMethods in ecological and agricultural entomology /
_cedited by D.R. Dent and M.P. Walton.
260 _aWallingford, Oxon, UK :
_aNew York :
_bCAB International,
_cc1997.
300 _axiii, 387 p. :
_bill. ;
_c26 cm.
504 _aIncludes bibliographical references and index.
590 _aJerin
650 0 _aInsect pests
_xBiological control.
650 0 _aAgricultural pests
_xBiological control.
650 0 _aBeneficial insects.
650 0 _aInsect pests.
650 0 _aAgricultural pests.
650 0 _aEntomology.
700 1 _aWalton, M. P.
942 _2ddc
_cBOOK
999 _c1319
_d1319